Carregant...
| LEADER | 003970000a22001330004500 | ||
|---|---|---|---|
| 082 | |a 052 M8;N4.2 | ||
| 245 | |a The Europa world yearbook 1994 | ||
| 260 | |a London, Europa Publications | ||
| 260 | |c 1994 | ||
| 490 | |a 2 | ||
| 650 | |a Serials | ||
| 942 | |c BK | ||
| 999 | |c 10879 |d 10879 | ||
| 952 | |0 0 |1 0 |4 0 |6 052_M8N4_200000000000000 |7 0 |8 REF |9 10674 |a MGUL |b MGUL |d 2013-07-16 |l 0 |o 052 M8;N4.2 |p 23069 |r 2013-07-16 |w 2013-07-16 |y REF | ||